Library Banner

What Islam is? (Record no. 94790)

MARC details
000 -LEADER
fixed length control field 00374nam a22001457a 4500
005 - DATE AND TIME OF LATEST TRANSACTION
control field 20170620124849.0
008 - FIXED-LENGTH DATA ELEMENTS--GENERAL INFORMATION
fixed length control field 170620b xxu||||| |||| 00| 0 eng d
040 ## - CATALOGING SOURCE
Transcribing agency PK-LaUMT
082 ## - DEWEY DECIMAL CLASSIFICATION NUMBER
Classification number ZIAC 297
Item number ASI-W
100 ## - MAIN ENTRY--PERSONAL NAME
Personal name Asif Kidwai , Muhammad
245 ## - TITLE STATEMENT
Title What Islam is?
Statement of responsibility, etc Muhammad Asif Kidwai
260 ## - PUBLICATION, DISTRIBUTION, ETC. (IMPRINT)
Place of publication, distribution, etc Karachi:
Name of publisher, distributor, etc Darul Ishaat,
Date of publication, distribution, etc 1972
300 ## - PHYSICAL DESCRIPTION
Extent 201 p.
942 ## - ADDED ENTRY ELEMENTS (KOHA)
Koha item type Books
Holdings
Withdrawn status Lost status Damaged status Home library Current library Date acquired Full call number Barcode Date last seen Price effective from Koha item type
      UMT Main Campus UMT Main Campus 2017-06-20 ZIAC 297 ASI-W 110468 2017-06-20 2017-06-20 Books